000 00736nam a22001337a 4500
040 _cRUA
082 _aAGR HOU 2010 B044 Or.1
100 _aHOUT, VANNY.
245 _aComparison of insect on cashew tree in koun mom​ and ou chum district ratanakiriprovince ការប្រៀបធៀបវត្តមានសត្វល្អិតលើដំណាំស្វាយចន្ទី​ក្នុងលក្ខខណ្ឌស្រុកអូរជុំ និងស្រុកកូនមុំនៃខេត្តរតនគិរី
260 _aPhnom Penh
_bRUA
_c2010
300 _axi; 47p.
_bill.
_c29cm.
856 _uhttps://drive.google.com/file/d/1pHe22IztA903x_UAl30UdlwLP0bXYx8S/view?usp=sharing
942 _cAGR
999 _c1119
_d1119